书目信息 |
| 题名: |
从五四启蒙运动到马克思主义的传播
|
|
| 作者: | 丁守和 , 殷叙彝 编 | |
| 分册: | ||
| 出版信息: | 北京 三联书店 1979 |
|
| 页数: | 384页 | |
| 开本: | 20cm | |
| 丛书名: | ||
| 单 册: | ||
| 中图分类: | K261.06 , D092 | |
| 科图分类: | ||
| 主题词: | 五·四运动--史料 , 政治学--历史 , 政治思想史 | |
| 电子资源: | ||
| ISBN: | ||
| 000 | 00757nam0 2200277 45 | |
| 001 | 0179007563 | |
| 005 | 20040429102607.8 | |
| 010 | @dCNY1.00 | |
| 091 | @a2002.173 | |
| 100 | @a19950726d1979 em y0chiy0121 ea | |
| 101 | 0 | @achi |
| 102 | @aCN@b110000 | |
| 105 | @ay z 000yy | |
| 106 | @ar | |
| 200 | 10 | @a从五四启蒙运动到马克思主义的传播@Acong wu si qi meng yun dong dao ma ke si zhu yi de chuan bo@f丁守和,殷叙彝编著 |
| 210 | @a北京@c三联书店@d1979 | |
| 215 | @a384页@d20cm | |
| 606 | @a五·四运动@x史料 | |
| 606 | 0 | @a政治学@x历史 |
| 606 | 0 | @a政治思想史 |
| 690 | @aK261.06@v3 | |
| 690 | @aD092 | |
| 701 | 0 | @a丁守和@Ading shou he@4编 |
| 701 | 0 | @a殷叙彝@Ayin xu yi@4编 |
| 801 | 0 | @aCN@bNLC@c20040429 |
| 905 | @f2@b13063-064@dD092@e1 | |
| 从五四启蒙运动到马克思主义的传播/丁守和,殷叙彝编著.-北京:三联书店,1979 |
| 384页;20cm |
| ISBN :CNY1.00 |
| ● |
| 相关链接 |
|
|
|
|
正题名:从五四启蒙运动到马克思主义的传播
索取号:D092/1
 
预约/预借
| 序号 | 登录号 | 条形码 | 馆藏地/架位号 | 状态 | 备注 |
| 1 | 0013063 | 001019748 | 密集书库/ [索取号:D092/1] | 在馆 | |
| 2 | 0013064 | 001019757 | 密集书库/ [索取号:D092/1] | 在馆 | |
| 3 | 0015050 | 002050764 | 第一样本阅览室/ [索取号:D092/1] | 在馆 |